Mathematical analysis (Record no. 82721)
[ view plain ]
| 000 -LEADER | |
|---|---|
| fixed length control field | 00715nam a2200169 a 4500 |
| 008 - FIXED-LENGTH DATA ELEMENTS--GENERAL INFORMATION | |
| fixed length control field | 120416s1987 ||||||||||||||||| || u |
| 020 ## - INTERNATIONAL STANDARD BOOK NUMBER | |
| International Standard Book Number | 0853129967 |
| 050 ## - LIBRARY OF CONGRESS CALL NUMBER | |
| Classification number | QA 303 Sti |
| 100 ## - MAIN ENTRY--PERSONAL NAME | |
| Personal name | Stirling, David S.G |
| 245 10 - TITLE STATEMENT | |
| Title | Mathematical analysis |
| 246 ## - | |
| -- | A fundamental and straight forward approach |
| 260 ## - PUBLICATION, DISTRIBUTION, ETC. | |
| Place of publication, distribution, etc. | New York |
| Name of publisher, distributor, etc. | Ellis Horwood |
| Date of publication, distribution, etc. | 1987 |
| 300 ## - PHYSICAL DESCRIPTION | |
| Extent | 172p. : ill. |
| 350 ## - | |
| -- | 0.00 |
| 995 ## - | |
| -- | ANNEX COLLECTION (Main Library) |
| -- | 0.00 |
| -- | 712249 |
| -- | CBU-MAIN LIBRARY (Kitwe) |
| -- | 2 |
| -- | 19.95 |
| -- | QA 303 Sti |
| -- | 1 |
| -- | AVAILABLE |
| -- | 011833 |
| -- | Annex Low-Usage Collection |
| 995 ## - | |
| -- | MAIN LIBRARY OPEN ACCESS |
| -- | 0.00 |
| -- | 712250 |
| -- | CBU-MAIN LIBRARY (Kitwe) |
| -- | 1 |
| -- | 19.95 |
| -- | QA 303 Sti |
| -- | 2 |
| -- | AVAILABLE |
| -- | 011834 |
| -- | Main Library Open Access Collection |
| 999 ## - | |
| -- | 82721 |
| -- | 82721 |
| Withdrawn status | Lost status | Source of classification or shelving scheme | Damaged status | Not for loan | Permanent Location | Current Location | Shelving location | Date acquired | Total Checkouts | Full call number | Barcode | Date last seen | Copy number | Price effective from | Koha item type | Date last checked out |
|---|---|---|---|---|---|---|---|---|---|---|---|---|---|---|---|---|
| CBU-MAIN LIBRARY, KITWE. | CBU-MAIN LIBRARY, KITWE. | 09/29/2023 | QA 303 Sti | 011833 | 09/29/2023 | 1 | 09/29/2023 | MONOGRAPH | ||||||||
| CBU-MAIN LIBRARY, KITWE. | CBU-MAIN LIBRARY, KITWE. | 09/29/2023 | 1 | QA 303 Sti | 011834 | 12/14/2023 | 2 | 09/29/2023 | MONOGRAPH | 12/11/2023 |